ბათუმის შოთა რუსთაველის სახელმწიფო უნივერსიტეტის ბიბლიოთეკა

სამხრეთ-დასავლეთ საქართველოს ისტორიის ნარკვევები : აჭარა = Очерки истории Юго-Западной Грузии : Аджария : 4 ტომად : (ბიბ.ჩანაწერი № 47248)

000 -ლიდერი
ფიქსირებული სიგრძის საკონტროლო ველი 01887nam a2200277Ia 4500
001 - საკონტროლო ნომერი
საკონტროლო ველი 14108
003 - საკონტროლო ნომრის იდენტიფიკატორი
საკონტროლო ველი GE_BSU
005 - ბოლო ოპერაციის თარიღი და დრო
საკონტროლო ველი 20191223110643.0
008 - ფიქსირებული სიგრძის მონაცემთა ელემენტები - ზოგადი ინფორმაცია
ფიქსირებული სიგრძის საკონტროლო ველი 181216s2008||||ge |||||||||||||| ||geo||
020 ## - წიგნის საერთაშორისო სტანდარტული ნომერი
International Standard Book Number 9789941409318
040 ## - კატალოგიზაციის წყარო
Transcribing agency GE_BSU
041 ## - ენის კოდი
Language code of text/sound track or separate title geo
080 ## - უნივერსალური ათობითი კლასიფიკაციის ინდექსი
Universal Decimal Classification number 94(479.223) /ს-24
245 ## - ცნობა სათაურის შესახებ
Title სამხრეთ-დასავლეთ საქართველოს ისტორიის ნარკვევები : აჭარა = Очерки истории Юго-Западной Грузии : Аджария : 4 ტომად :
Remainder of title ტ. 3 : ბათუმის ოლქი-1877-1920 /
Statement of responsibility, etc ტომის ავტ.: აბელ სურგულაძე, ოთარ თურმანიძე, ალექსანდრე ბენდიანიშვილი [და სხვ.] ; ტომის რედ.: აბელ სურგულაძე, მალხაზ სიორიძე.
264 ## - წარმოების, გამოცემის, დისტრიბუციის და სხვა ცნობები
გამოცემის, წარმოების, დისტრიბუციის... ადგილი ბათუმი :
გამოცემის, წარმოების, დისტრიბუციის... სახელწოდება შოთა რუსთაველის სახ. უნ–ტი,
გამოცემის, წარმოების, დისტრიბუციის... თარიღი 2008.
300 ## - ფიზიკური აღწერა
Extent 602 გვ. ;
Other physical details 30 სმ.
501 ## - შენიშვნა თანმხლებ მასალაზე
With note ძირითადი შემოკლებანი: გვ. 601.
504 ## - BIBLIOGRAPHY, ETC. NOTE
Bibliography, etc ბიბლიოგრ. ტექსტ. შენიშვნ..
653 ## - INDEX TERM--UNCONTROLLED
Uncontrolled term აჭარის ისტორია
700 ## - ADDED ENTRY--PERSONAL NAME
Personal name სურგულაძე, აბელ
Relator term ავტორი
9 (RLIN) 5896
700 ## - ADDED ENTRY--PERSONAL NAME
Personal name თურმანიძე, ოთარ
Relator term ავტორი
9 (RLIN) 5897
700 ## - ADDED ENTRY--PERSONAL NAME
Personal name ბენდიანიშვილი, ალექსანდრე
Relator term ავტორი
9 (RLIN) 5481
700 ## - ADDED ENTRY--PERSONAL NAME
Personal name სიორიძე, მალხაზ და სხვ.
9 (RLIN) 5898
710 ## - ADDED ENTRY--CORPORATE NAME
Corporate name or jurisdiction name as entry element შოთა რუსთაველის სახელმწ. უნ-ტი
Subordinate unit ნიკო ბერძენიშვილის ინ-ტი
9 (RLIN) 1821
942 ## - ADDED ENTRY ELEMENTS (KOHA)
Koha item type წიგნი
Source of classification or shelving scheme
ეგზემპლარები
ჩამოწერის სტატუსი დაკარგული ეგზემპლარის სტატუსი კლასიფიკაციის წყარო ან თაროზე გაწყობის სქემა დაზიანების სტატუსი არ გაიცემა მუდმივი მდებარეობა (დაცვის ადგილი) ამჟამინდელი ადგილსამყოფელი თაროზე განთავსების ადგილი შეძენის თარიღი სრული შენახვის შიფრი შტრიხკოდი ბოლო ოპერაციის თარიღი ეგზემპლარის მიმდევრობითი ნომერი (კეტერი?) ფასის ძალაში შესვლის თარიღი ეგზემპლარის სახეობა
          ბათუმის შოთა რუსთაველის სახელმწიფო უნივერსიტეტის მთავარი ბიბლიოთეკა ბათუმის შოთა რუსთაველის სახელმწიფო უნივერსიტეტის მთავარი ბიბლიოთეკა წიგნსაცავი 2018-12-17 94(479.223) ს-24 27433 2018-12-17 27433 2018-12-17 წიგნი
          ბათუმის შოთა რუსთაველის სახელმწიფო უნივერსიტეტის მთავარი ბიბლიოთეკა ბათუმის შოთა რუსთაველის სახელმწიფო უნივერსიტეტის მთავარი ბიბლიოთეკა წიგნსაცავი 2018-12-17 94(479.223) ს-24 27434 2018-12-17 27434 2018-12-17 წიგნი
          ბათუმის შოთა რუსთაველის სახელმწიფო უნივერსიტეტის მთავარი ბიბლიოთეკა ბათუმის შოთა რუსთაველის სახელმწიფო უნივერსიტეტის მთავარი ბიბლიოთეკა წიგნსაცავი 2018-12-17 94(479.223) ს-24 27435 2018-12-17 27435 2018-12-17 წიგნი
          ბათუმის შოთა რუსთაველის სახელმწიფო უნივერსიტეტის მთავარი ბიბლიოთეკა ბათუმის შოთა რუსთაველის სახელმწიფო უნივერსიტეტის მთავარი ბიბლიოთეკა წიგნსაცავი 2018-12-17 94(479.223) ს-24 27437 2018-12-17 27437 2018-12-17 წიგნი